Statistiken für Die bevölkerungsreichsten Länder am Pazifik

Klicken Sie hier um das Quiz zu spielen!

Allgemein

  • Dieses Quiz wurde 181 mal gespielt
  • Das Durchschnittsergebnis liegt bei 14 aus 15

Antwortstatistiken

PopulationLand% Korrekt
1439 mChina
100%
127 mJapan
99%
331 mVereinigte Staaten
97%
274 mIndonesien
96%
129 mMexiko
95%
51 mSüdkorea
95%
38 mKanada
92%
146 mRussland
91%
97 mVietnam
90%
26 mNordkorea
89%
33 mPeru
88%
51 mKolumbien
87%
110 mPhilippinen
87%
70 mThailand
87%
32 mMalaysia
81%

Verteilung der Resultate

Perzentil nach korrekt beantworteten Fragen

Anzahl Personen mit jedem Resultat

Ihre Resultats-Entwicklung

Sie haben dieses Quiz noch nicht gespielt